000 00584nam a22002297a 4500
003 UA-OsUOA
001 87334
007 ta
008 20120918b un ||||| |||| 00| 0 ukr d
100 _aМацапура С. С.
090 _a82-94
_bМ36
942 _cBK
040 _aUA-OsUOA
_brus
_cUA-OsUOA
_dUA-OsUOA
245 _aТоварищ сержант
300 _a159 с.
955 _a4
041 _arus
080 _a82-94
260 _aМ.
_bВоениздат
_c1976
650 7 _a82 Література. Літературознавство
_2UDC
999 _c373573
_d373573